00570nam a2200145Ia 4500008004100000024004800041082001900089100006600108245004100174260002600215600002100241650003800262856010700300999001700407260210s9999 xx 000 0 und d a16B-025-BS, 16B-027-BS & 16B-049-BS a005.198072 MUH aMuhammad Sarim Faiq, Muhammad Umer Siddiqui & Sohaib Saif 0aSign Language Communication Mediator aKarachi:bUITU,c2016 aComputer Science aBachelor of Computer Science (BS) uhttps://drive.google.com/file/d/1swQE5SqOT-rp8kVPFvU0LHjXsidJZFD1/view?usp=sharingyClick here for PDF c32463d32463